00790nam a2200193 a 450000100100000000500170001000800410002702000180006804000250008608200150011110000390012624500710016526001070023630000280034350000220037150400730039395201130046699900170057900004132620201002034806.0130930s2004 sp a 001 0 spa d a9788447207824 aDO-SdBNPbspacBNPHU axxxxbxxxx1 aMorales Padrón, Francisco91571910aDiario de Don Francisco de Saavedra /cFrancisco Morales Padrón. aSevilla, :bUniversidad de SevillabSecretariado de publicaciones universidad de SevillabCSIC,c2004. a361 p. :bil. ;c21 cm. aIncluye índices aIncluye referencias bibliográficas y notas al pie de las páginas 001050718MOaGRbGRcHDd2013-09-30iLF1l0oxxxx xxxxp41326-10r2020-06-25w2020-06-25y1ZNo se presta c40816d40816